Ekonomista Czasopismo poswiecone nauce i potrzebom zycia

Guardado en:
Detalles Bibliográficos
Formato: Seriadas
Lenguaje:polaco
Publicado: Warszawa Wyd. Ekon. 1988
Etiquetas: Agregar Etiqueta
Sin Etiquetas, Sea el primero en etiquetar este registro!

MARC

LEADER 00000nas2a2200000 4500
001 s033295
005 20250730114143.9
041 0 |a pol 
044 |a PL 
245 1 0 |a Ekonomista  |b Czasopismo poswiecone nauce i potrzebom zycia 
264 1 |a Warszawa  |b Wyd. Ekon.  |c 1988 
773 0 |w eu_un_cat*s121066